| 000 | 00580nam a2200169 a 4500 | ||
|---|---|---|---|
| 001 | 4907 | ||
| 003 | CDMR | ||
| 005 | 20131022155326.0 | ||
| 008 | 130130s2003||||||||||||||||||||||||||||d | ||
| 020 | _a8401378613 | ||
| 040 |
_aCDMR _bcat _cCDMR |
||
| 245 | 0 |
_aInforme Semanal _b: 30 años de historia _cedición a cargo de Baltasar Magro ; con la colaboración de: Elena de Román (textos) y Carlos López (selección de imágenes) |
|
| 260 |
_c2003 _bPlaza & Janés _a[Barcelona] |
||
| 300 |
_a261 p. _bil. col. |
||
| 700 | 1 |
_93275 _aMagro Santana, Baltasar _d1949- _eed. |
|
| 942 |
_cMON _2udc |
||
| 999 |
_c4907 _d4907 |
||